Η επιστημονική - φιλοσοφική σκέψη στον ελληνικό χώρο κατά την περίοδο της τουρκοκρατίας : η περίπτωση των φυσικών - θετικών επιστημών
Saved in:
| Main Author: | |
|---|---|
| Format: | Book |
| Language: | Greek |
| Published: |
Ιωάννινα :
1984
|
| Subjects: | |
| Tags: |
Add Tag
No Tags, Be the first to tag this record!
|
MARC
| LEADER | 00000cam a2200000 i 4500 | ||
|---|---|---|---|
| 001 | 1/26743 | ||
| 008 | 960726s1984 gre d | ||
| 035 | |l 10022729 | ||
| 040 | |a GR-MY-UA |b gre |e aacr | ||
| 041 | 0 | |a gre | |
| 082 | 0 | |a 016.9384 | |
| 100 | 1 | |a Καράς, Γιάννης, |d 1934-2018. | |
| 245 | 1 | 2 | |a Η επιστημονική - φιλοσοφική σκέψη στον ελληνικό χώρο κατά την περίοδο της τουρκοκρατίας : |b η περίπτωση των φυσικών - θετικών επιστημών / |c Γιάννης Καράς |
| 260 | |a Ιωάννινα : |c 1984 | ||
| 300 | |a 584 σ. | ||
| 500 | |a Μέρος Β':Συνοπτικός κατάλογος έργων | ||
| 650 | 0 | |a Science |z Greece |x Philosophy |x History. | |
| 650 | 0 | |a Philosophy |z Greece |x History. | |
| 650 | 0 | |a Science |x Study and teaching |z Greece |x History |x Bibliography. | |
| 852 | |a INST |b CHIOS |e 19960726 |h 016.9384 ΚΑΡ |p 005200008649 |q 005200008649 |t REF |y 23 | ||
| 909 | |a Χ |b 045956 | ||